000 00461nam a2200193Ia 4500
005 20250425160803.0
008 250425s9999 xx 000 0 und d
020 _a0471089850
041 _aeng
082 _a338.436373
100 _aFREEMAN, A. MYRICK
245 0 _aAIR AND WATER POLLUTION CONTROL
250 _a1ST ED.
260 _aEstados Unidos
_bJOHN WILEY & SONS
_c1982
260 _aNEW YORK
300 _a186
942 _c01
010 _a5189
999 _c196123
_d196123